书目信息 |
| 题名: |
药粮间作
|
|
| 作者: | 赵岩 , 孟瑶 , 李琳 主编 | |
| 分册: | ||
| 出版信息: | 北京 中国农业科学技术出版社 2013.09 |
|
| 页数: | 10,441页 | |
| 开本: | 21cm | |
| 丛书名: | ||
| 单 册: | ||
| 中图分类: | S344.2 | |
| 科图分类: | ||
| 主题词: | 药用植物--间作--粮食作物 , 药用植物 , 间作 , 粮食作物 | |
| 电子资源: | ||
| ISBN: | 978-7-5116-1301-1 | |
| 000 | 00970nam0 2200301 450 | |
| 001 | 0120131170237 | |
| 005 | 20141119161918.96 | |
| 010 | @a978-7-5116-1301-1@dCNY49.00 | |
| 100 | @a20131122d2013 em y0chiy0110 ea | |
| 101 | 0 | @achi |
| 102 | @aCN@b110000 | |
| 105 | @af z 000yy | |
| 106 | @ar | |
| 200 | 1 | @a药粮间作@9yao liang jian zuo@f赵岩,孟瑶,李琳主编 |
| 210 | @a北京@c中国农业科学技术出版社@d2013.09 | |
| 215 | @a10,441页@c图版(8页)@d21cm | |
| 330 | @a本书介绍了黄连、板蓝根、甘草、人参、柴胡、防风、龙胆、桔梗、天南星、半夏、平贝母、百合等17种药用植物与玉米、小麦等粮食作物进行药粮间作的理论与实践知识。 | |
| 333 | @a药粮间作技术生产人员 | |
| 606 | 0 | @a药用植物@x间作@x粮食作物 |
| 606 | 0 | @a药用植物 |
| 606 | 0 | @a间作 |
| 606 | 0 | @a粮食作物 |
| 690 | @aS344.2@v5 | |
| 701 | 0 | @a赵岩@9zhao yan@4主编 |
| 701 | 0 | @a孟瑶@9meng yao@4主编 |
| 701 | 0 | @a李琳@9li lin@4主编 |
| 801 | 0 | @aCN@b人天书店@c20131122 |
| 905 | @b547748-50@dS344.2@e46@f3 | |
| 药粮间作/赵岩,孟瑶,李琳主编.-北京:中国农业科学技术出版社,2013.09 |
| 10,441页:图版(8页);21cm |
| 使用对象:药粮间作技术生产人员 |
| ISBN 978-7-5116-1301-1:CNY49.00 |
| 本书介绍了黄连、板蓝根、甘草、人参、柴胡、防风、龙胆、桔梗、天南星、半夏、平贝母、百合等17种药用植物与玉米、小麦等粮食作物进行药粮间作的理论与实践知识。 |
| ● |
| 相关链接 |
|
|
|
|
正题名:药粮间作
索取号:S344.2/46
 
预约/预借
| 序号 | 登录号 | 条形码 | 馆藏地/架位号 | 状态 | 备注 |
| 1 | 547748 | 205477483 | 第二样本阅览室/ [索取号:S344.2/46] | 在馆 | |
| 2 | 547749 | 205477492 | 第三借阅区/ [索取号:S344.2/46] | 在馆 | |
| 3 | 547750 | 205477508 | 第三借阅区/ [索取号:S344.2/46] | 在馆 |